Sortimentně provozní typizace typový sortiment prodejen domácích potřeb

Saved in:
Bibliographic Details
Main Author: Kroc, Stanislav
Other Authors: Hanzlová, Naděžda
Format: Book
Language:Czech
Published: Praha Merkur 1988
Edition:1. vyd.
Tags: Add Tag
No Tags, Be the first to tag this record!

MARC

LEADER 00000nam a2200000 4500
001 c034991
005 20221219085741.0
041 0 |a cze 
044 |a CZ 
245 1 0 |a Sortimentně provozní typizace  |b typový sortiment prodejen domácích potřeb  |c sprac. Stanislav Kroc, Naděžda Hanzlová 
250 |a 1. vyd. 
264 1 |a Praha  |b Merkur  |c 1988 
300 |a 32 s. 
100 1 |a Kroc, Stanislav 
700 1 |a Hanzlová, Naděžda